000 00717nam a22002057a 4500
999 _c14007
_d14007
003 AR-CdUCM
008 190417b ||||| |||| 00| 0 spa d
040 _aMUNICIPALIDAD PROVINCIAL DEL CUSCO
_cBIBLIOTECA MUNICIPAL DEL CUSCO
082 _a868.62 /
_bH19
100 _aHamilton Dickson, Margaret
_932666
245 _aG. Humberto Mata, su sitial en la novela indianista del Ecuador /
260 _aCuenca :
_bTalleres graficos de la Universidad,
_c1963.
300 _a84 paginas ;
_bilustraciones,
_c23 cm.
500 _aDedicatoria a Luis Nieto Donación de la familia Nieto
650 _aNovela
_95
650 _aLiteratura
_983
650 _aEcuador
_910121
942 _2ddc
_cLIBROS
945 _apjha
_d2019-04-17